• 首页
  • 本馆介绍
  • 公告通知
  • 最新文献
  • 馆藏检索
  • 电子资源
  • 读者导购
  • 参考咨询
  • 我的图书馆
  • 登录
  • 详细信息显示
  • 放入我的书架
  • 预约/预借图书
  • 作者相关作品
  • 分类相关作品
  • 丛书相关作品
  • 出版社相关作品

书目信息

  • 表格格式
  • 工作单格式
  • 卡片格式
题名:
丹铅总录校证
    
 
作者: 杨慎 撰 ;丰家骅 校证
分册: 上  
出版信息: 北京   中华书局  2019
页数: 12,51,395页
开本: 21cm
丛书名: 学术笔记丛刊
单 册:
中图分类: K248.066
科图分类:
主题词: 笔记--bi ji--中国--明代
电子资源:
ISBN: 978-7-101-13939-6
000 01291oam2 2200265 450
001 011029202430
005 20211031094926.42
010    @a978-7-101-13939-6@dCNY49.00(全3册148.00)
100    @a20191120d2019 em y0chiy0120 ea
101 0  @achi
102    @aCN@b110000
105    @aa z 000yy
106    @ar
200 1  @a丹铅总录校证@Adan qian zong lu jiao zheng@h上@f(明)杨慎撰@g丰家骅校证
210    @a北京@c中华书局@d2019
215    @a12,51,395页@c图@d21cm
225 2  @a学术笔记丛刊@Axue shu bi ji cong kan
330    @a本书二十七卷,明杨慎撰,丰家骅校证。杨慎历年读书之笔记《丹铅余录》、《丹铅续录》、《丹铅摘录》先后刊为书,后杨慎乃尽出其《丹铅三录》、《四录》、《别录》、《附录》、《闰录》授其门人梁佐。梁佐因“删同校异,析之以类”,裒合诸录为一编,名之曰《丹铅总录》,凡二十七卷,分天文、地理、时序、花木、鸟兽、宫室、冠服、物用、人事、史籍、订讹等二十六类。琐语类外,凡一千五百条,刻之于福建上杭。《丹铅》诸录相继刊行,时人以其学识之广博,见解之新颖,望而骇叹。《总录》刊行后,索书者“日翰盈几”,争相一读升庵之书。
461  0 @12001 @a学术笔记丛刊
606 0  @a笔记@Abi ji@y中国@z明代
690    @aK248.066@v5
701  0 @c(明)@a杨慎@Ayang shen@4撰
702  0 @a丰家骅@Afeng jia hua@4校证
801  0 @aCN@b百万庄@c20211029
905    @b1312679-681@dK248.066@e167:1@f3
    
    丹铅总录校证.上/(明)杨慎撰/丰家骅校证.-北京:中华书局,2019
    12,51,395页:图;21cm.-(学术笔记丛刊)
    
    
    ISBN 978-7-101-13939-6:CNY49.00(全3册148.00)
    本书二十七卷,明杨慎撰,丰家骅校证。杨慎历年读书之笔记《丹铅余录》、《丹铅续录》、《丹铅摘录》先后刊为书,后杨慎乃尽出其《丹铅三录》、《四录》、《别录》、《附录》、《闰录》授其门人梁佐。梁佐因“删同校异,析之以类”,裒合诸录为一编,名之曰《丹铅总录》,凡二十七卷,分天文、地理、时序、花木、鸟兽、宫室、冠服、物用、人事、史籍、订讹等二十六类。琐语类外,凡一千五百条,刻之于福建上杭。《丹铅》诸录相继刊行,时人以其学识之广博,见解之新颖,望而骇叹。《总录》刊行后,索书者“日翰盈几”,争相一读升庵之书。
●
相关链接 在E读中查询图书 在五车中查询图书 在当当中查询图书 在豆瓣中查询图书


正题名:丹铅总录校证     索取号:K248.066/167:1         预约/预借

序号 登录号 条形码 馆藏地/架位号 状态 备注
1 1312679   213126794   第二样本阅览室/ [索取号:K248.066/167:1] 在馆    
2 1312680   213126801   第二借阅区/ [索取号:K248.066/167:1] 在馆    
3 1312681   213126810   第二借阅区/ [索取号:K248.066/167:1] 在馆    
唐山师范学院图书馆 欢迎您!
大连网信软件有限公司© 版权所有